| 000 | 00558nam a2200193Ia 4500 | ||
|---|---|---|---|
| 003 | OSt | ||
| 005 | 20250508095507.0 | ||
| 008 | 210210b1986 xxu||||| |||| 00| 0 eng d | ||
| 040 | _cAL | ||
| 041 | _aKannada | ||
| 082 | _aK894.3 MURN | ||
| 100 |
_aMURTI (Ma Na). _dಮೂರ್ತಿ ( ಮ. ನ.) _9209626 |
||
| 245 |
_aNatyarani Shantala. _bನಾಟ್ಯರಾಣಿ ಶಾಂತಲಾ |
||
| 260 |
_aBengaluru _bMa Na Murti Smaraka Granthamala _c1986 |
||
| 300 | _aviii,583 | ||
| 690 |
_aKannada Fiction _9209627 |
||
| 906 | _a041992 | ||
| 942 |
_2ddc _cBK |
||
| 999 |
_c91412 _d91412 |
||